Quizzes
Events
Quiz Creation
Community
Videos
Private Events
Remove Ads
Sign In
Join for FREE
Feedback
Dark Mode
Quiz Categories
Sports
Geography
Music
Movies
Television
Just For Fun
Miscellaneous
History
Literature
Language
Science
Gaming
Entertainment
Religion
Holiday
For Kids
Quiz Lab
Recent
Popular Today
Quiz Kudos Today
Editor Picks
Curator Picks
Quizzes by...
Day
Popularity
Type
Ratings
Length
Year
Community
Subscriptions
Recent Discussions
Orange Saloon
Badges
Playlists
Quests
Create
Leaderboards
Showdown
Live 5
Trivia Bingo
Activity
Puzzle Library
Sporcle Events
Private Events
Virtual Trivia
Globe League
Become a Host
Pub Owners
SporcleCon
Opinionation
Our Games
Videos
Blog
Mobile Apps
Partnerships
Remove Ads and Go Orange
Feedback
History
US Presidents
World Leaders
Politics
Nation
Discovery
War
Decade
Year
Century
Biography
Art
History
US Presidents
World Leaders
Politics
Nation
Discovery
War
Decade
Year
Century
Biography
Art
Random Quiz
Search Sporcle
×
Quiz Lab
Quiz Lab
History
Svar
Type in answers that appear in a list
Type in answers that appear in a list
Classic
Best Score? Go Orange.
Saga - Síðmiðaldir: Kreppa og plága Stats
Can you name the answers to these history questions?
By
Bjartur
10m
15 Questions
3 Plays
3 Plays
3 Plays
Comments
Comments
Give Quiz Kudos
Give Quiz Kudos
-
- Ratings
hide this ad
Replay
Link that replays current quiz
Next Quiz
Link to next quiz in quiz playlist
You Got
0%
They Got
Avg Score
60%
Avg Friend Score
Upgrade to see
Score Distribution
Jump to the score distribution portion of the page
Score
0/15
Timer
10:00
0
Plays Today
Spurning
Svar
% Correct
Í hvaða landi geisaði Hundrað ára stríðið?
Frakklandi
100%
Í hvaða Evrópulandi náði drepsóttin landi?
Ítalíu
100%
Hvað voru tvær síðustu aldir miðalda kallaðar?
Síðmiðaldir
66.7%
Á hvaða árum var mikil hungursneyð í Evrópu?
1315-1317
66.7%
Á hvaða árum geisaði Hundrað ára stríðið?
1337-1453
66.7%
Hver var mærin frá Orléans?
Jóhanna af Örk
66.7%
Hvaða ár var mærin frá Orléans brennd á báli?
1431
66.7%
Hvaða drepsótt herjaði yfir Evrópu á síðmiðöldum?
Svartidauði
66.7%
Spurning
Svar
% Correct
Hvaðan barst drepsóttin?
Asíu
66.7%
Tvær tegundir sóttar fylgdust að; kýlapest og?
Lungnapest
66.7%
Hver er íbúafjöldinn í Evrópu talinn hafa verið fyrir drepsóttina?
80 milljónir
66.7%
Hvað er talið að margir hafi fallið í drepsóttinni?
27 milljónir
66.7%
Hvaða ár dó síðasti konungurinn af frönsku konungsættinni?
1328
33.3%
Hvaða ár náði drepsóttin landi í Evrópu?
1348
0%
0%
Quiz Playlist
Details
Report
Send in Message
Add To Playlist
Classic:
Type in answers that appear in a list
Last Updated: Feb 16, 2017
Quiz Scoreboard
CHALLENGE
Sign Up to Join the Scoreboard
Show All
Scores
Hide
Comments
May contain spoilers
Recently Published
Billboard Blitz: Fleetwood Mac
by CooCooCachoo
Music
15s
Presidents Visiting Landmarks
by Hejman
History
7m
An Introduction to Baseball
by treessimontrees
Sports
5m
More to Explore
Quiz From the Vault
Featured Blog Post
Where Did the Easter Bunny Come From?
hide this ad
You Might Also Like...
Tags
saga
Svar
Today's Top Quizzes in History
Browse History
hide this ad
Top Contributed Quizzes in History
1
Popular People in 1991
2
Popular People in 1981
3
Popular People in 1951
4
Popular People in 1941
5
Popular People in 1986
6
Popular People in 1976
7
Popular People in 1921
8
I Am Born On March 28th
9
5-to-1: 20th Century Images of War
10
Popular People in 1946
Explore More
Trending Topics
Anime
NBA
Disney
Marvel
Kpop
Crossword
Harry Potter
Pokémon
The Office
WWE
Puzzle
Country
Song
NFL
Soccer
hide this ad
More By:
Bjartur
Quiz
Plays
Rating
Category
Featured
Created
Best Pictue Oscar Winners
495
2.50
Movies
Oct 29, 2011
Ártöl í sögu 313
85
Just For Fun
Jan 19, 2014
Mikilvæg ártöl í sögu 203
82
History
Jun 3, 2012
English Vocabulary - Breaking Bad
6
2.00
Just For Fun
Jan 13, 2014
English Vocabulary - Exorcism
6
Just For Fun
Jan 13, 2014
Go to Creator's Profile
Score Distribution
Quiz Creator Spotlight
Bjartur
Follow
Send a Message
Quizzes Created
-
Created Quiz Play Count
-
More By This Creator
Popular Quizzes Today
1
Find the US States - No Outlines Minefield
2
Find the Countries of Europe - No Outlines Minefield
3
The Countries of the World
4
Find the US States
5
US States
6
Popular People in 1961
7
Risky Map Clicking: Biggest States A-Z
8
Movies - When Are They Set?
More History Quizzes
Find the Airborne Early Warning & Control Aircraft
Quiz Lab
Trending Quizzes
Risky Map Clicking: Least Populous States A-Z
1-10 Letter G Words
1-10 Letter F Words
Risky Map Clicking: Next State Alphabetically
Risky Map Clicking: Biggest States A-Z
Recently Updated
Leaping Animals
pecheneg
Reality TV Shows (A-Z)
bhenderson79
Rickey Henderson's Hall of Fame Teammates
pecheneg
Champions League XIs: Arsenal
pecheneg
Quick Pick: Celebrities in WWE's Hall of Fame
aduchscher
A-Z Keypad Blitz II
pecheneg
Multiple Oscar Actors
pecheneg
Mystery Phrase Blitz: Oscar 'Best Actors'
pecheneg
F. Scott Fitzgerald Novels
LTH
Pick 3 Villains
ddd62291
Trending Topics
NBA
Harry Potter
Crossword
Kpop
Disney
Anime
Marvel
Pokémon
Puzzle
Soccer
WWE
The Office
NFL
Song
Country
Your Account Isn't Verified!
In order to create a playlist on Sporcle, you need to verify the email address you used during registration. Go to your
Sporcle Settings
to finish the process.
Report this User
Report this user for behavior that violates our
Community Guidelines
.
Details:
Send Report
Go to the Sporcle.com Mobile Site →
Comments